000 00434nam a2200181Ia 4500
008 210210b1913 xxu||||| |||| 00| 0 eng d
041 _aeng
082 _a515/27
100 _aCREMONA (L)
245 _aElements of projective geometry
260 _aLondon
_bOxford At The Clarendon Press.,
_c1913
650 _aprojective
650 _aof
650 _ageometry
650 _aElements
690 _aGeometry
906 _a007593
999 _c140133
_d140133